[Event "24th ch-EUR Indiv 2024"]
[Site "Petrovac MNE"]
[Date "2024.11.12"]
[Round "5.61"]
[White "Grigoriants, Sergey"]
[Black "Domalchuk-Jonasson, Aleksandr"]
[Result "1/2-1/2"]
[WhiteTitle "GM"]
[BlackTitle "IM"]
[WhiteElo "2531"]
[BlackElo "2399"]
[WhiteFideId "4130804"]
[BlackFideId "14142805"]
[EventDate "2024.11.08"]

1. e4 e6 2. d4 d5 3. Nc3 Nf6 4. e5 Nfd7 5. f4 c5 6. Nf3 Nc6 7. Be3 cxd4 8. Nxd4
Qb6 9. Qd2 Qxb2 10. Rb1 Qa3 11. Bb5 Nxd4 12. Bxd4 a6 13. Rb3 Qe7 14. Ba4 Qd8 15.
Bb6 Qh4+ 16. Bf2 Qd8 17. Bb6 Qh4+ 18. Bf2 Qd8 19. Bb6 1/2-1/2

[Event "24th ch-EUR Indiv 2024"]
[Site "Petrovac MNE"]
[Date "2024.11.12"]
[Round "5.62"]
[White "Kacharava, Nikolozi"]
[Black "Mikac, Matjaz"]
[Result "1/2-1/2"]
[WhiteTitle "GM"]
[BlackTitle "IM"]
[WhiteElo "2525"]
[BlackElo "2392"]
[WhiteFideId "13611860"]
[BlackFideId "14600048"]
[EventDate "2024.11.08"]

1. e4 e5 2. Nf3 Nc6 3. Bc4 Nf6 4. Ng5 d5 5. exd5 Na5 6. Bb5+ Bd7 7. Qe2 Be7 8.
Nf3 Nxd5 9. Bxd7+ Qxd7 10. Nxe5 Qf5 11. d4 Nb4 12. Na3 O-O-O 13. c3 f6 14. Qg4
Nd3+ 15. Ke2 Qxg4+ 16. Nxg4 Nxc1+ 17. Raxc1 Bxa3 18. bxa3 Nc4 19. Rhd1 Rd6 20.
Ne3 Re8 21. Kf3 Nxe3 22. fxe3 Ra6 23. g4 Rxa3 24. Rc2 Re6 25. Rb1 Rc6 26. Rb3
Ra4 27. Ke4 a6 28. Rg2 g6 29. h4 b5 30. h5 Re6+ 31. Kf4 Rc4 32. hxg6 hxg6 33. e4
c5 34. Ke3 Rd6 35. d5 f5 36. gxf5 gxf5 37. Rg8+ Kc7 38. Rg7+ Kd8 39. exf5 Rxd5
40. Ra3 Re5+ 41. Kd2 Rd5+ 42. Kc2 b4 43. Rxa6 Rxc3+ 44. Kb2 Rd2+ 45. Kb1 Rd1+ 1/2-1/2

[Event "24th ch-EUR Indiv 2024"]
[Site "Petrovac MNE"]
[Date "2024.11.12"]
[Round "5.63"]
[White "Brunello, Sabino"]
[Black "Krallis, Christos"]
[Result "1/2-1/2"]
[WhiteTitle "GM"]
[BlackTitle "FM"]
[WhiteElo "2518"]
[BlackElo "2390"]
[WhiteFideId "813613"]
[BlackFideId "4298896"]
[EventDate "2024.11.08"]

1. Nf3 Nf6 2. d4 d5 3. Bf4 c5 4. e3 Nc6 5. Nbd2 e6 6. c3 Bd6 7. Bg3 O-O 8. Bd3
h6 9. O-O Bxg3 10. hxg3 Qd6 11. dxc5 Qxc5 12. e4 dxe4 13. Nxe4 Nxe4 14. Bxe4 Rd8
15. Qe2 Bd7 16. Rfd1 Be8 17. g4 Kf8 18. g3 Rxd1+ 19. Rxd1 Rd8 20. Re1 b5 21. Kg2
a5 22. Rh1 b4 23. Rc1 f5 24. gxf5 exf5 25. Bb1 Bh5 26. Qe6 Bxf3+ 27. Kxf3 Nd4+
28. cxd4 Qxc1 29. Qxf5+ Ke7 30. Qe5+ Kf8 31. Qf5+ 1/2-1/2

[Event "24th ch-EUR Indiv 2024"]
[Site "Petrovac MNE"]
[Date "2024.11.12"]
[Round "5.64"]
[White "Ermitsch, Magnus"]
[Black "Lashkin, Jegor"]
[Result "1/2-1/2"]
[WhiteTitle "FM"]
[BlackTitle "IM"]
[WhiteElo "2399"]
[BlackElo "2518"]
[WhiteFideId "16234464"]
[BlackFideId "13907808"]
[EventDate "2024.11.08"]

1. e4 c5 2. Nf3 d6 3. d4 cxd4 4. Nxd4 Nf6 5. Nc3 a6 6. h3 e5 7. Nf3 Be7 8. g4 h6
9. Rg1 b5 10. g5 hxg5 11. Nxg5 Bb7 12. Be3 Qc7 13. Qd2 Nbd7 14. O-O-O b4 15. Nd5
Nxd5 16. exd5 Nf6 17. Bg2 Bc8 18. Qd3 g6 19. Ne6 fxe6 20. dxe6 Bb7 21. Qxg6+ Kd8
22. Bxb7 Qxb7 23. Rxd6+ Kc8 24. Rb6 Qd5 25. Rd1 Qxa2 26. Rd7 Qa4 27. b3 Qa1+ 28.
Kd2 Qc3+ 29. Ke2 Rg8 30. Qf7 Qxc2+ 31. Rd2 Qc7 32. Rd7 Qc2+ 33. Rd2 Qc7 34. Rd7
Qc2+ 35. Rd2 1/2-1/2

[Event "24th ch-EUR Indiv 2024"]
[Site "Petrovac MNE"]
[Date "2024.11.12"]
[Round "5.65"]
[White "Peng, Li Min"]
[Black "Gasparyan, Erik R."]
[Result "1/2-1/2"]
[WhiteTitle "GM"]
[BlackTitle "FM"]
[WhiteElo "2516"]
[BlackElo "2371"]
[WhiteFideId "14112620"]
[BlackFideId "13315730"]
[EventDate "2024.11.08"]

1. d4 Nf6 2. c4 g6 3. Nc3 d5 4. Nf3 Bg7 5. h3 O-O 6. cxd5 Nxd5 7. e4 Nxc3 8.
bxc3 c5 9. Be2 cxd4 10. cxd4 Nc6 11. Be3 Qa5+ 12. Bd2 Qa3 13. d5 Ne5 14. Nxe5
Bxe5 15. O-O Bd7 1/2-1/2

[Event "24th ch-EUR Indiv 2024"]
[Site "Petrovac MNE"]
[Date "2024.11.12"]
[Round "5.66"]
[White "Kosakowski, Jakub"]
[Black "Abdulov, Orkhan"]
[Result "1-0"]
[WhiteTitle "IM"]
[BlackTitle "IM"]
[WhiteElo "2516"]
[BlackElo "2385"]
[WhiteFideId "1185080"]
[BlackFideId "13402714"]
[EventDate "2024.11.08"]

1. e4 e5 2. Nf3 Nf6 3. Nxe5 d6 4. Nf3 Nxe4 5. d4 d5 6. Bd3 Nc6 7. Nbd2 Nxd2 8.
Bxd2 Be7 9. c3 Bg4 10. O-O O-O 11. h3 Bh5 12. g3 Qd7 13. Kg2 Bg6 14. Bxg6 fxg6
15. Qe2 Rae8 16. Rae1 Bd6 17. Qd1 Qf5 18. Rxe8 Rxe8 19. g4 Qd7 20. Qb3 Ne7 21.
Qxb7 h5 22. gxh5 gxh5 23. Bg5 Qf5 24. Bxe7 Rxe7 25. Ne5 Bxe5 26. Qxd5+ Kh7 27.
dxe5 Rxe5 28. Qf3 Qg6+ 29. Kh1 Rf5 30. Qe4 Qf7 31. f4 g6 32. c4 Kh6 33. b3 Rf6
34. Qd4 a6 35. Kh2 Kh7 36. Rf2 Rd6 37. Qe5 Rf6 38. Qe4 Re6 39. Qd5 c6 40. Qd4
Qe7 41. f5 gxf5 42. Rxf5 Re2+ 43. Rf2 Rxf2+ 44. Qxf2 Qe4 45. Qf7+ Kh6 46. Qf6+
Kh7 47. Kg3 Qe1+ 48. Kf4 Qf2+ 49. Kg5 Qg3+ 50. Kxh5 Qxh3+ 51. Kg5 Qg2+ 52. Kf5
Qxa2 53. Qg6+ Kh8 54. Qe8+ Kg7 55. Qd7+ Kg8 56. Qd8+ Kf7 57. Qc7+ Kg8 58. Qg3+
Kf7 59. Qc7+ Kg8 60. Qc8+ Kg7 61. Qb7+ Kf8 62. Ke6 Qe2+ 63. Kd6 Qf3 64. Qe7+ Kg8
65. Qe6+ Kf8 66. c5 a5 67. Kc7 Kg7 68. Qc4 Qd5 69. Qc3+ Kf7 70. Kb6 Ke6 71. Qe3+
Kd7 72. Kxa5 Kc7 73. Ka6 Qf7 74. Qg3+ Kc8 75. Qh3+ Kc7 76. Qg2 Qh7 77. Qf3 Qg7
78. Qf4+ Kc8 79. Qb4 Qf7 80. Qb6 Qd7 81. b4 Qd3+ 82. Ka7 Qf3 83. Qb8+ Kd7 84.
Kb6 Qb3 85. Qd6+ Ke8 86. Qxc6+ Ke7 87. b5 1-0

[Event "24th ch-EUR Indiv 2024"]
[Site "Petrovac MNE"]
[Date "2024.11.12"]
[Round "5.67"]
[White "Seo, Jung Min"]
[Black "Vestby-Ellingsen, Mads"]
[Result "1/2-1/2"]
[WhiteTitle "IM"]
[BlackTitle "IM"]
[WhiteElo "2505"]
[BlackElo "2368"]
[WhiteFideId "1734687"]
[BlackFideId "1520857"]
[EventDate "2024.11.08"]

1. e4 c5 2. Nf3 d6 3. d4 cxd4 4. Nxd4 Nf6 5. Nc3 a6 6. Be3 e5 7. Nb3 Be7 8. h3
h6 9. Qd3 Qc7 10. O-O-O b5 11. f4 Nbd7 12. g4 b4 13. Nd5 Nxd5 14. exd5 a5 15.
Qc4 Qxc4 16. Bxc4 O-O 17. Bb5 Bf6 18. Bc6 Ra6 19. Nd2 exf4 20. Bxf4 Be5 21. Be3
Nb8 22. Bb5 Ra8 23. Nc4 Ba6 24. Bxa6 Rxa6 25. Nxe5 dxe5 26. c4 bxc3 27. bxc3 Rc8
28. Kc2 Nd7 29. Kd3 e4+ 30. Kc2 Rd6 31. Rd2 Rf6 32. Rf2 Rd6 33. Rd1 Ne5 34. Bf4
Rf6 35. Bg3 Rxf2+ 36. Bxf2 Nd3 37. Bb6 Kf8 38. Bxa5 Ra8 39. Bb4+ Nxb4+ 40. cxb4
Rxa2+ 41. Kb3 Ra8 42. Re1 Ke7 43. Rxe4+ Kd6 44. Rc4 Ra1 45. b5 Kxd5 46. Rc7 Rh1
47. Rxf7 Kc5 48. Rf5+ Kb6 49. Rh5 g6 50. Re5 Rxh3+ 51. Kb4 h5 52. Re6+ Kb7 53.
g5 Rh1 54. Kc5 Rc1+ 55. Kd6 h4 56. Ke7 h3 57. Re2 Rf1 1/2-1/2

[Event "24th ch-EUR Indiv 2024"]
[Site "Petrovac MNE"]
[Date "2024.11.12"]
[Round "5.68"]
[White "Niedbala, Bartlomiej"]
[Black "Ohanyan, Emin"]
[Result "0-1"]
[WhiteTitle "IM"]
[BlackTitle "GM"]
[WhiteElo "2389"]
[BlackElo "2504"]
[WhiteFideId "21834008"]
[BlackFideId "13312022"]
[EventDate "2024.11.08"]

1. e4 c6 2. d4 d5 3. e5 Bf5 4. Nf3 e6 5. Be2 c5 6. Be3 Qb6 7. Nc3 Nc6 8. O-O
Qxb2 9. Qe1 c4 10. Rb1 Qa3 11. Nb5 Qa4 12. Nc7+ Kd7 13. Nxa8 b5 14. Ng5 Nh6 15.
Bh5 Be7 16. g4 Bxc2 17. Nxf7 Nxf7 18. Bxf7 Rxa8 19. f4 Bxb1 20. Qxb1 Rf8 21.
Bxe6+ Kxe6 22. Qxh7 Qa3 23. f5+ Kd7 24. Bf2 c3 25. Qxg7 c2 26. Qh6 Qd3 27. e6+
Kc8 28. Qf4 Ba3 29. Be3 Rg8 30. h3 Rh8 31. f6 Rxh3 0-1

[Event "24th ch-EUR Indiv 2024"]
[Site "Petrovac MNE"]
[Date "2024.11.12"]
[Round "5.69"]
[White "Maksimovic, Bojan"]
[Black "Lavrencic, Matic"]
[Result "1/2-1/2"]
[WhiteTitle "IM"]
[BlackTitle "FM"]
[WhiteElo "2504"]
[BlackElo "2366"]
[WhiteFideId "14408120"]
[BlackFideId "14637847"]
[EventDate "2024.11.08"]

1. e4 c5 2. Nf3 e6 3. c3 Nf6 4. Bd3 d5 5. e5 Nfd7 6. Bc2 c4 7. O-O Nc6 8. Re1
Qc7 9. Qe2 g5 10. Nxg5 Qxe5 11. d4 cxd3 12. Bxd3 Qxe2 13. Bxe2 h6 14. Nf3 Bg7
15. Be3 Nde5 16. Nd4 O-O 17. Nd2 Bd7 18. f4 Ng6 19. g3 Nxd4 20. Bxd4 Bxd4+ 21.
cxd4 Ne7 22. Rac1 Rfc8 23. Bd3 Rxc1 24. Rxc1 Rc8 25. Rxc8+ Nxc8 26. Kf2 Nd6 27.
Ke3 Kg7 28. b3 Nf5+ 29. Bxf5 exf5 30. Nf3 f6 31. Nh4 h5 32. Kd2 Kf7 33. Ng2 Ke6
34. Kc3 Kd6 35. Kb4 b6 36. a4 Kc6 37. a5 Kd6 38. Ne3 Kc6 39. Nd1 Bc8 40. Nc3 Ba6
41. Ka3 Bc8 42. axb6 axb6 43. Kb2 Bd7 44. Kc2 Kd6 45. Kd2 Kc6 46. Ke3 Be8 47.
Kf3 Bf7 48. Kg2 Be8 49. Kh3 Bg6 50. Kh4 Bf7 51. h3 Bg6 52. Nd1 Kd6 53. Ne3 Ke6
54. g4 fxg4 55. hxg4 hxg4 56. Kxg4 Kd6 57. Kg3 Ke6 58. Kf2 Bh5 59. Ke1 Be8 60.
Kd2 Bc6 61. Nd1 Kf5 62. Ke3 Kg4 63. Nc3 Kf5 64. b4 b5 65. Kf3 Be8 66. Nb1 Bh5+
67. Ke3 Be8 68. Nc3 1/2-1/2

[Event "24th ch-EUR Indiv 2024"]
[Site "Petrovac MNE"]
[Date "2024.11.12"]
[Round "5.70"]
[White "Ozenir, Ekin Baris"]
[Black "Fernandez, Daniel Howard"]
[Result "1/2-1/2"]
[WhiteTitle "IM"]
[BlackTitle "GM"]
[WhiteElo "2392"]
[BlackElo "2503"]
[WhiteFideId "6357415"]
[BlackFideId "5801605"]
[EventDate "2024.11.08"]

1. c4 c6 2. Nf3 d5 3. e3 Nf6 4. Nc3 a6 5. b3 Bg4 6. h3 Bxf3 7. Qxf3 g6 8. Bb2
Bg7 9. d4 O-O 10. Bd3 e6 11. O-O Nbd7 12. Rfd1 a5 13. Rab1 Qe7 14. Qe2 Rfd8 15.
Bc2 h5 16. a3 h4 17. Rd2 Ne8 18. e4 dxe4 19. Nxe4 Ndf6 20. Nxf6+ Bxf6 21. Rbd1
Rd7 22. a4 Qf8 23. Be4 Qg7 24. Bf3 Nd6 25. d5 exd5 26. cxd5 c5 27. Bxf6 Qxf6 28.
Re1 Kg7 29. Rdd1 b5 30. axb5 Rb7 31. Qc2 Rxb5 32. Be2 Rb4 33. Ra1 Re8 34. Bf1 c4
35. Rxe8 cxb3 36. Qc5 Nxe8 37. Rxa5 Qd6 38. Qc3+ Kg8 39. Rb5 Rxb5 1/2-1/2

[Event "24th ch-EUR Indiv 2024"]
[Site "Petrovac MNE"]
[Date "2024.11.12"]
[Round "5.71"]
[White "Kramer, Julian"]
[Black "Nemsadze, Daviti"]
[Result "0-1"]
[WhiteTitle "IM"]
[BlackTitle "FM"]
[WhiteElo "2503"]
[BlackElo "2366"]
[WhiteFideId "12921742"]
[BlackFideId "13619250"]
[EventDate "2024.11.08"]

1. e4 c5 2. Nf3 e6 3. d4 cxd4 4. Nxd4 Nc6 5. Nc3 Qc7 6. g3 a6 7. Bg2 Nf6 8. O-O
Nxd4 9. Qxd4 Bc5 10. Qd1 d6 11. Bg5 Nd7 12. e5 dxe5 13. Ne4 Bf8 14. Qh5 g6 15.
Qh4 f5 16. Nf6+ Kf7 17. Nxd7 Bxd7 18. Bf6 Rg8 19. Qxh7+ Bg7 20. Bxg7 Rxg7 21.
Qh4 e4 22. Rad1 Bc6 23. c4 g5 24. Qh5+ Kf6 25. h4 Rag8 26. hxg5+ Rxg5 27. Qh6+
Kf7 28. Rfe1 f4 29. Rd4 f3 30. Rexe4 Bxe4 31. Rxe4 R8g6 32. Qh7+ Rg7 33. Qh6 Qd6
34. c5 Qd1+ 35. Bf1 e5 36. Rb4 b5 37. Qc6 Rh5 38. Qb7+ Kg8 39. Qa8+ Kh7 40. Qe4+
Kh8 41. Qd3 Qxd3 42. Bxd3 Rd7 43. Rb3 e4 44. Bc2 Rdh7 45. Bxe4 Rh1# 0-1

[Event "24th ch-EUR Indiv 2024"]
[Site "Petrovac MNE"]
[Date "2024.11.12"]
[Round "5.72"]
[White "Djukic, Nikola"]
[Black "Yarar, Bora"]
[Result "1/2-1/2"]
[WhiteTitle "GM"]
[BlackTitle "FM"]
[WhiteElo "2499"]
[BlackElo "2361"]
[WhiteFideId "922412"]
[BlackFideId "34588400"]
[EventDate "2024.11.08"]

1. e4 c6 2. Nc3 d5 3. Nf3 dxe4 4. Nxe4 Nf6 5. Qe2 Nxe4 6. Qxe4 Nd7 7. Bc4 Nf6 8.
Ne5 e6 9. Qf4 Bd6 10. d4 O-O 11. O-O Qc7 12. Bd3 Nd5 13. Qh4 f5 14. Nc4 c5 15.
Nxd6 Qxd6 16. dxc5 Qxc5 17. Re1 Qb4 18. f4 Bd7 19. a3 Qd6 20. Bd2 Rf6 21. Qf2
Rg6 22. Rad1 Bc6 23. Bf1 Qc7 24. Qd4 b5 25. b3 Rd8 26. Qc5 Qb7 27. c4 Nb6 28.
Bb4 Rc8 29. Qf2 bxc4 30. bxc4 Be4 31. Rd4 h6 32. Re3 Na4 33. Rg3 Rxg3 34. hxg3
Qc7 35. Qd2 Nc5 36. Ba5 Nb3 37. Bxc7 Nxd2 38. Rd7 Nxf1 39. Kxf1 Bc6 40. Re7 Re8 1/2-1/2

[Event "24th ch-EUR Indiv 2024"]
[Site "Petrovac MNE"]
[Date "2024.11.12"]
[Round "5.73"]
[White "Kanyamarala, Tarun"]
[Black "Malek, Jan"]
[Result "0-1"]
[WhiteTitle "IM"]
[BlackTitle "IM"]
[WhiteElo "2371"]
[BlackElo "2499"]
[WhiteFideId "45004714"]
[BlackFideId "21864080"]
[EventDate "2024.11.08"]

1. d4 Nf6 2. c4 b6 3. Nc3 Bb7 4. Qc2 Nc6 5. Nf3 Nb4 6. Qd1 Ne4 7. Nd2 Nxc3 8.
bxc3 Nc6 9. e3 g6 10. Bd3 Bg7 11. O-O O-O 12. Nb3 e5 13. f4 exd4 14. exd4 f5 15.
a4 d6 16. d5 Na5 17. Nd4 Qd7 18. Ba3 Rae8 19. Qc2 Ba6 20. Nb5 Re3 21. Bb4 Bf6
22. Bxa5 bxa5 23. Nxa7 Bxc4 24. Bxc4 Rxc3 25. Bb5 Rxc2 26. Bxd7 Bd4+ 27. Kh1
Bxa7 28. Rac1 Rxc1 29. Rxc1 Rb8 30. Bb5 Bc5 31. g3 Kf7 32. Kg2 h6 33. Rf1 Rg8
34. h3 Rg7 35. h4 Rg8 36. Kh3 Kf6 37. Re1 g5 38. Re6+ Kf7 39. Rxh6 gxf4 40. gxf4
Rg4 41. Rh7+ Kf6 42. Rxc7 Rxf4 43. Rh7 Ke5 44. Bc6 Rf3+ 45. Kg2 Rf2+ 46. Kh3 Be3
47. Re7+ Kd4 48. Kg3 f4+ 49. Kh3 Rf3+ 50. Kh2 Rf2+ 51. Kh3 Rf1 52. Bb5 Rh1+ 53.
Kg4 Kxd5 54. h5 Rh2 55. Ba6 Kc5 56. Bb7 Bd4 57. Kxf4 Rxh5 58. Ba6 Bf6 59. Rf7
Be5+ 60. Ke3 Bd4+ 61. Kd3 Rh3+ 62. Kd2 Be5 63. Bb5 Kd4 64. Ra7 Ke4 65. Bc6+ d5
66. Rd7 Bf4+ 67. Kc2 Rh2+ 68. Kb3 Rd2 69. Ra7 Rd3+ 70. Kc2 Be5 71. Bb5 Rc3+ 72.
Kd2 d4 73. Rxa5 Bf4+ 74. Ke2 d3+ 75. Bxd3+ Rxd3 76. Rc5 Rd2+ 77. Ke1 Be3 78. Rc8
Ra2 79. Re8+ Kd3 80. Rd8+ Bd4 81. Kf1 Rf2+ 82. Ke1 Rf5 83. Rd7 Rf8 84. a5 Rb8
85. Kf1 Rg8 0-1

[Event "24th ch-EUR Indiv 2024"]
[Site "Petrovac MNE"]
[Date "2024.11.12"]
[Round "5.74"]
[White "Kuru, Atilla"]
[Black "Gokerkan, Cem Kaan"]
[Result "1-0"]
[WhiteTitle "FM"]
[BlackTitle "GM"]
[WhiteElo "2371"]
[BlackElo "2490"]
[WhiteFideId "51607948"]
[BlackFideId "6336760"]
[EventDate "2024.11.08"]

1. e4 c5 2. Nf3 d6 3. Bb5+ Nd7 4. d4 cxd4 5. Qxd4 a6 6. Bxd7+ Bxd7 7. Nc3 Rc8 8.
e5 f6 9. exd6 e5 10. Qd5 Rc6 11. Ne4 Qc8 12. Nxe5 fxe5 13. Ng5 Nh6 14. Qxe5+ Kd8
15. Ne4 Nf7 16. Bg5+ Nxg5 17. Qxg5+ Ke8 18. O-O Kf7 19. Rfe1 h6 20. Qh5+ Kg8 21.
Nf6+ gxf6 22. Qg6+ Bg7 23. Re7 Rh7 24. Rae1 Rxd6 25. Qf7+ Kh8 26. Re8+ 1-0

[Event "24th ch-EUR Indiv 2024"]
[Site "Petrovac MNE"]
[Date "2024.11.12"]
[Round "5.75"]
[White "Samadov, Read"]
[Black "Bodrogi, Bendeguz"]
[Result "1-0"]
[WhiteTitle "IM"]
[BlackTitle "FM"]
[WhiteElo "2490"]
[BlackElo "2358"]
[WhiteFideId "13417444"]
[BlackFideId "790303"]
[EventDate "2024.11.08"]

1. Nf3 d5 2. g3 b6 3. Bg2 Bb7 4. c4 dxc4 5. Na3 e6 6. Nxc4 Nd7 7. O-O Be7 8. d3
Ngf6 9. Bd2 c5 10. a4 O-O 11. Qb3 Qc8 12. Rfc1 Bc6 13. e4 Bd8 14. Qa3 a5 15.
Nfe5 Nxe5 16. Nxe5 Bb7 17. Qb3 Rb8 18. Nc4 Ba8 19. Rd1 Bc7 20. Bc3 Nd7 21. Rac1
Bc6 22. Qc2 Qa6 23. Ra1 Bd8 24. Qe2 Qa8 25. f4 Bf6 26. e5 Be7 27. Bxc6 Qxc6 28.
Qe4 Qc7 29. Rf1 Rbd8 30. f5 exf5 31. Rxf5 Nb8 32. e6 f6 33. Ne3 Nc6 34. Nd5 Qd6
35. Raf1 Nd4 36. Bxd4 cxd4 37. R1f4 Rde8 38. Rh5 g6 39. Rg4 f5 40. Rxf5 Rxf5 41.
Qxf5 Rf8 42. Qe4 Qc5 43. Kg2 Rd8 44. Rxg6+ hxg6 45. Qxg6+ Kh8 46. Qh5+ Kg7 47.
Qf7+ Kh6 48. Nxe7 Qc2+ 49. Kh3 Qxd3 50. Nf5+ Kg5 51. Qg7+ 1-0

[Event "24th ch-EUR Indiv 2024"]
[Site "Petrovac MNE"]
[Date "2024.11.12"]
[Round "5.76"]
[White "Citak, Selim"]
[Black "Girel, Joseph"]
[Result "1/2-1/2"]
[WhiteTitle "FM"]
[BlackTitle "GM"]
[WhiteElo "2366"]
[BlackElo "2486"]
[WhiteFideId "6301819"]
[BlackFideId "36033561"]
[EventDate "2024.11.08"]

1. d4 Nf6 2. c4 e6 3. Nf3 b6 4. g3 Bb7 5. Bg2 Bb4+ 6. Bd2 a5 7. O-O O-O 8. a3
Bxd2 9. Nbxd2 c5 10. Rc1 d6 11. Re1 Nbd7 12. e4 cxd4 13. Nxd4 a4 14. Nb1 Nc5 15.
Nc3 Qe7 16. Qc2 Rfd8 17. Rcd1 Nfd7 18. Ncb5 Ne5 19. Qe2 Rac8 20. Na7 Ra8 21.
Nab5 Nc6 22. Nc2 Rd7 23. Nb4 Rc8 24. Qd2 Ne5 25. Qc3 Qd8 26. Na7 Nxe4 27. Bxe4
Rxc4 28. Nac6 Bxc6 29. Nxc6 Qc7 30. Qe3 Nxc6 31. Bxh7+ Kf8 32. Bd3 Rc5 33. Qe4
Ne5 34. Be2 Qc6 35. Qh7 g5 36. Qh6+ Ke8 37. Qxg5 Nf3+ 38. Bxf3 Qxf3 39. Qh4 b5
40. Qh8+ Ke7 41. Rd2 Rdc7 42. Qd4 R7c6 43. Red1 Kd7 44. Rd3 Qf5 45. Qb4 Ke7 46.
Qh4+ Qg5 47. Qd4 Qe5 48. Qh4+ Ke8 49. R3d2 Rc2 50. Rxc2 Rxc2 51. Qh7 Qxb2 52.
Qg8+ Ke7 53. Qg5+ Qf6 54. Qxf6+ Kxf6 55. Rxd6 Ke5 56. Rb6 Rc5 57. Rb7 Kd5 58. h4
f6 59. h5 Kc6 60. Re7 Kd6 61. Rh7 Rc8 62. Rb7 Kc6 63. Re7 Kd6 64. Rb7 Kc6 65.
Re7 Kd6 1/2-1/2

[Event "24th ch-EUR Indiv 2024"]
[Site "Petrovac MNE"]
[Date "2024.11.12"]
[Round "5.77"]
[White "Pastar, Slaven"]
[Black "Rozen, Eytan"]
[Result "0-1"]
[WhiteTitle "IM"]
[BlackTitle "IM"]
[WhiteElo "2361"]
[BlackElo "2482"]
[WhiteFideId "14402718"]
[BlackFideId "2816750"]
[EventDate "2024.11.08"]

1. e4 c5 2. Nf3 d6 3. Bb5+ Nd7 4. d4 cxd4 5. Qxd4 a6 6. Bxd7+ Qxd7 7. Nc3 e5 8.
Qd3 Qc6 9. Nd5 Be6 10. c4 Rc8 11. b3 b5 12. Nd2 Nf6 13. O-O Be7 14. a4 Bxd5 15.
cxd5 Qc2 16. Qxc2 Rxc2 17. axb5 axb5 18. Ra8+ Bd8 19. Rd1 O-O 20. Ba3 Ra2 21. b4
Bb6 22. Ra6 Bd4 23. h3 h5 24. Ra5 Rc8 25. Rc1 Rxc1+ 26. Bxc1 Rc2 27. Nb3 Bxf2+
28. Kh2 Rc3 29. Ra3 Nxe4 30. Bb2 Bg3+ 31. Kg1 Re3 32. Nd2 Bf2+ 33. Kh2 Nxd2 0-1

[Event "24th ch-EUR Indiv 2024"]
[Site "Petrovac MNE"]
[Date "2024.11.12"]
[Round "5.78"]
[White "Yeritsyan, Hayk"]
[Black "Akbas, Umut Ata"]
[Result "0-1"]
[WhiteTitle "FM"]
[BlackTitle "IM"]
[WhiteElo "2276"]
[BlackElo "2466"]
[WhiteFideId "13307320"]
[BlackFideId "44572646"]
[EventDate "2024.11.08"]

1. e4 c5 2. Nf3 e6 3. d4 cxd4 4. Nxd4 Nc6 5. Nxc6 bxc6 6. Bd3 d5 7. O-O Nf6 8.
Nd2 Be7 9. Re1 Nd7 10. c3 O-O 11. e5 a5 12. Bc2 Rb8 13. Nf3 c5 14. Qd3 g6 15. b3
Bb7 16. Bh6 Re8 17. Rad1 Qc7 18. Qd2 Rbc8 19. Qf4 f5 20. h4 d4 21. h5 Bxf3 22.
Qxf3 Nxe5 23. Qg3 Ng4 24. Bf4 e5 25. Rxe5 Nxe5 26. Bxe5 Qc6 27. Bxf5 Rcd8 28.
hxg6 Bf6 29. gxh7+ Kh8 30. Bc7 Bh4 31. Be5+ Bf6 32. Bc7 Bh4 33. Qxh4 Qxc7 34.
cxd4 Rf8 35. Qe4 cxd4 36. g4 Rfe8 37. Qf3 Qe5 38. Kg2 Rd6 39. Rh1 Rf6 40. Qg3
Qd5+ 41. Qf3 Qe5 42. Rh3 Rd6 43. Bd3 Rf6 44. Qb7 Ref8 45. Bf5 R6f7 46. Qf3 Re7
47. Rh6 Rg7 48. Rh5 Qe8 49. Kf1 Qb5+ 50. Qe2 Qc6 51. Qc4 Qd6 52. Rh3 Rc7 53. Qe2
Rc1+ 54. Kg2 Qd5+ 55. Rf3 Qd6 56. Bd3 Rcc8 57. Rxf8+ Rxf8 58. Qe4 Qf6 59. f3 Qd6
60. a3 Rf4 61. Qe1 Rf8 62. b4 Qf4 63. Be4 Rb8 64. Qf2 Qe5 65. Qc2 axb4 66. axb4
Rd8 67. Qd3 Qc7 68. b5 Qc1 69. Bc6 Qc3 70. Qg6 d3 71. Bd5 Qg7 72. Qe6 d2 73. Bb3
Qg5 74. b6 d1=Q 75. Bxd1 Rxd1 76. Qc8+ Rd8 77. Qc3+ Qg7 78. Qe3 Kxh7 79. Qe4+
Kh8 80. Kg3 Qf6 81. b7 Qd6+ 82. Kh3 Rb8 83. Qf5 Qc7 84. g5 Qh7+ 0-1

[Event "24th ch-EUR Indiv 2024"]
[Site "Petrovac MNE"]
[Date "2024.11.12"]
[Round "5.79"]
[White "Pogorelskikh, Sofia"]
[Black "Zanan, Evgeny"]
[Result "1-0"]
[WhiteTitle "WIM"]
[BlackTitle "GM"]
[WhiteElo "2252"]
[BlackElo "2463"]
[WhiteFideId "44164548"]
[BlackFideId "24101940"]
[EventDate "2024.11.08"]

1. e4 e5 2. Nf3 Nc6 3. Bb5 a6 4. Ba4 d6 5. O-O Bd7 6. c3 g5 7. d4 g4 8. Ne1 h5
9. f4 exd4 10. cxd4 d5 11. exd5 Nce7 12. Nc3 Nf6 13. Nd3 b5 14. Bb3 Bg7 15. f5
a5 16. Bg5 b4 17. d6 cxd6 18. Nd5 Nexd5 19. Bxd5 Ra7 20. Qe1+ Kf8 21. Qh4 Bb5
22. Nf4 Bxf1 23. Rxf1 Kg8 24. b3 Rh7 25. Bc4 Rh6 26. Bxh6 Bxh6 27. Nxh5 Be3+ 28.
Kh1 Bxd4 29. Qg5+ Kf8 30. Qg7+ Ke8 31. Bb5+ 1-0

[Event "24th ch-EUR Indiv 2024"]
[Site "Petrovac MNE"]
[Date "2024.11.12"]
[Round "5.80"]
[White "Gevorgyan, David Sh."]
[Black "Wadsworth, Matthew J"]
[Result "1/2-1/2"]
[WhiteTitle "IM"]
[BlackTitle "IM"]
[WhiteElo "2247"]
[BlackElo "2461"]
[WhiteFideId "13303244"]
[BlackFideId "415804"]
[EventDate "2024.11.08"]

1. d4 Nf6 2. c4 e6 3. Nc3 Bb4 4. e3 O-O 5. Ne2 d5 6. a3 Bd6 7. c5 Be7 8. b4 b6
9. Bb2 c6 10. Ng3 a5 11. Be2 1/2-1/2

[Event "24th ch-EUR Indiv 2024"]
[Site "Petrovac MNE"]
[Date "2024.11.12"]
[Round "5.81"]
[White "Kochavi, Dana"]
[Black "Babazada, Khazar"]
[Result "0-1"]
[WhiteTitle "WFM"]
[BlackTitle "IM"]
[WhiteElo "2166"]
[BlackElo "2459"]
[WhiteFideId "2837137"]
[BlackFideId "13413554"]
[EventDate "2024.11.08"]

1. e4 Nf6 2. e5 Nd5 3. d4 d6 4. c4 Nb6 5. f4 dxe5 6. fxe5 Bf5 7. Nc3 e6 8. Nf3
Be7 9. Be2 O-O 10. O-O Nc6 11. Be3 f6 12. exf6 Bxf6 13. Qd2 Qe7 14. Rad1 Rad8
15. Kh1 Kh8 16. Qc1 Bg4 17. Ne4 Bxf3 18. Bxf3 Bxd4 19. Bg5 Bf6 20. Nxf6 gxf6 21.
Bxc6 Rxd1 22. Qxd1 fxg5 23. Rxf8+ Qxf8 24. Bxb7 Kg7 25. h3 Qd6 26. Qh5 Qe5 27.
b3 Nd7 28. Qe8 Nf6 29. Qe7+ Kg6 30. Bc8 Kf5 31. a4 Kf4 32. Qxe6 Qxe6 33. Bxe6 c5
34. a5 Ne4 35. Bd7 h5 36. Kh2 h4 37. Bc6 Nc3 38. Bf3 Nb1 39. Bc6 Nc3 40. Bf3 Ke3
41. Kg1 Nb1 42. Bd1 Kd2 43. b4 cxb4 44. Bb3 Kc3 45. c5 Na3 46. c6 Nb5 47. Bg8 b3
48. Kf2 b2 49. Bh7 Kb4 50. Be4 Kxa5 51. Kf3 Kb6 52. Kg4 a5 0-1